00698 a2200181 45000010006000000050017000060080041000230030015000640400040000790800091001192450061002100200022002712640038002933000019003315050134003500410008004841000024004926051720260407155856.0260407a2014 arg spa dAR-UNSa-BCEJYS aAR-UNSa-BCEJYSbspacAR-UNSa-BCEJYS a338.124xRetroceso de la actividad económica. Contracción económica (Pobreza...)10aLos parias de la tierrapEntre la miseria y la xenofobia a978-987-503-640-6 1aBuenos Aires :bLa Páginac2014 a194 p.c19 cm. a1. La pobreza cotidiana – 2. Los más vulnerables – 3. Discriminaciones – 4. Derechos vulnerados- 5. Mitos y realidades -  aspa1 aKliksberg, Bernardo